Quaresma (Record no. 8371)

MARC details
000 -CABECERA
campo de control de longitud fija 01068nam a2200253 a 4500
001 - NÚMERO DE CONTROL
campo de control BRCA_8719
005 - FECHA Y HORA DE LA ÚLTIMA TRANSACCIÓN
campo de control 20190320210359.0
008 - DATOS DE LONGITUD FIJA--INFORMACIÓN GENERAL
campo de control de longitud fija 130217s1771----sp-#######---#000-0#spa-#
041 ## - CÓDIGO DE LENGUA
Código de lengua del texto/banda sonora o título independiente spa
044 ## - CÓDIGO DEL PAÍS DE LA ENTIDAD EDITORA/PRODUCTORA
Código MARC del país sp
084 ## - OTRO NÚMERO DE CLASIFICACIÓN
Número de clasificación BE60
Número de documento/Ítem .A53 1771
100 1# - ENTRADA PRINCIPAL--NOMBRE DE PERSONA
Nombre de persona Andrés, Antonio
9 (RLIN) 21716
245 10 - MENCIÓN DE TÍTULO
Título Quaresma
Mención de responsabilidad, etc. del P Fr. Antonio Andres, lector de sagrada theologia, escritor publico de su orden, regente de estudios, calificador del Santo Oficio y custodio actual de su provincia de descalzos.
260 ## - PUBLICACIÓN, DISTRIBUCIÓN, ETC.
Lugar de publicación, distribución, etc. Valencia
Nombre del editor, distribuidor, etc. Por Benito Monfort
Fecha de publicación, distribución, etc. 1771
300 ## - DESCRIPCIÓN FÍSICA
Extensión 328 p. (t.2)
Dimensiones 20.5 x 15 cm
500 ## - NOTA GENERAL
Nota general En portada: Quien lo dedica a Christo Crucificado
500 ## - NOTA GENERAL
Nota general Estado físico: presenta encuadernación en pergamino con lomo desprendido y cintas rotas
505 0# - NOTA DE CONTENIDO CON FORMATO
Nota de contenido con formato Contenido: Al fin del tercer tomo hay una aplicación de los sermones de la Quaresma à las Dominicas de entre año
650 14 - PUNTO DE ACCESO ADICIONAL DE MATERIA--TÉRMINO DE MATERIA
Término de materia o nombre geográfico como elemento de entrada Sermones
Subdivisión cronológica Obras anteriores a 1800
9 (RLIN) 21369
650 14 - PUNTO DE ACCESO ADICIONAL DE MATERIA--TÉRMINO DE MATERIA
Término de materia o nombre geográfico como elemento de entrada Sermones de cuaresma
9 (RLIN) 21531
700 1# - PUNTO DE ACCESO ADICIONAL--NOMBRE DE PERSONA
Nombre de persona Monfort, Benito
Término indicativo de función/relación Impresor
9 (RLIN) 21717
902 ## - CATALOGADOR
Iniciales CFM
942 ## - ELEMENTOS DE PUNTO DE ACCESO ADICIONAL (KOHA)
Fuente del sistema de clasificación o colocación Library of Congress Classification
Tipo de ítem Koha Libros
Holdings
Estado de retiro Estado de pérdida Estado dañado No para préstamo Localización permanente Ubicación/localización actual Fecha de adquisición Total de préstamos Signatura topográfica completa Código de barras Fecha visto por última vez Precio válido a partir de Tipo de ítem Koha
El ejemplar forma parte de la colección y puede ser consultado según las políticas vigentes.       Biblioteca del Museo Franz Mayer (Rogerio Casas-Alatriste) Biblioteca del Museo Franz Mayer (Rogerio Casas-Alatriste) 13/02/2017   BE60 .A53 1771 CFM00055 22/03/2019 22/03/2019 Libros